[Event "Asia Cup"]
[Site "Abu Dhabi"]
[Date "2016.04.05"]
[Round "9.2"]
[White "Alattar, Rakan"]
[Black "Barsov, Alexei"]
[Result "0-1"]
[WhiteElo "2065"]
[BlackElo "2460"]
[PlyCount "86"]
[EventDate "2016.03.28"]
[EventType "team-swiss"]
[EventRounds "9"]
[EventCountry "UAE"]
[SourceTitle "CBM 171 Extra"]
[Source "ChessBase"]
[SourceDate "2016.04.26"]
[SourceVersion "1"]
[SourceVersionDate "2016.04.26"]
[SourceQuality "1"]
[WhiteTeam "Jordan"]
[BlackTeam "Uzbekistan"]
[WhiteTeamCountry "JOR"]
[BlackTeamCountry "UZB"]

1. e4 e6 2. Nf3 d5 3. e5 c5 4. g3 Nc6 5. Bg2 g5 6. h3 Bg7 7. d4 Nxd4 8. Nxg5 h6 9. Nf3 Nxf3+ 10. Bxf3 Bxe5 11. 0-0 Qf6 12. Nc3 Bd7 13. Re1 Ne7 14. Qe2 Bxc3 15. bxc3 Bc6 16. Rb1 b6 17. Bg2 Rd8 18. h4 d4 19. Bxc6+ Nxc6 20. Qb5 e5 21. Rxe5+ Kf8 22. Re4 dxc3 23. Be3 Nd4 24. Qa4 Nf3+ 25. Kg2 Nd2 26. Rf4 Qe6 27. Rd1 Qd5+ 28. f3 Re8 29. Re4 Rxe4 30. fxe4 Qh5 31. Bxd2 Qe2+ 32. Kh3 Qxd1 33. Bxc3 Qh1+ 34. Kg4 Rg8+ 35. Kf4 Qf1+ 36. Ke5 Rxg3 37. Bb2 Rg6 38. Kd5 a6 39. a3 Qd1+ 40. Ke5 Qd6+ 41. Kf5 Qe6+ 42. Kf4 b5 43. Qb3 Rg4+ 0-1

[Event "Asian Continental op 14th"]
[Site "Al Ain"]
[Date "2015.08.03"]
[Round "2"]
[White "Alattar, Rakan"]
[Black "Nguyen, Ngoc Truong Son"]
[Result "0-1"]
[WhiteElo "2012"]
[BlackElo "2662"]
[PlyCount "88"]
[EventDate "2015.08.02"]
[EventType "swiss"]
[EventRounds "9"]
[EventCountry "UAE"]
[SourceTitle "CBM 168"]
[Source "ChessBase"]
[SourceDate "2015.09.14"]
[SourceVersion "1"]
[SourceVersionDate "2015.09.14"]
[SourceQuality "1"]

1. e4 c5 2. Nf3 e6 3. g3 Nc6 4. Bg2 Nf6 5. d3 d5 6. e5 Nd7 7. Qe2 Be7 8. c3 g5 9. h3 Qc7 10. Nxg5 Qxe5 11. Nf3 Qxe2+ 12. Kxe2 b6 13. Na3 Ba6 14. c4 Rc8 15. b3 Bf6 16. Rb1 Nb4 17. Bb2 Nxa2 18. Bxf6 Nxf6 19. Ra1 Nb4 20. Nc2 Nxc2 21. Rxa6 Rc7 22. Rc1 Nb4 23. Raa1 a5 24. cxd5 Nfxd5 25. Ne5 Ke7 26. f4 Rg8 27. Bxd5 exd5 28. g4 f6 29. Nf3 Kf7 30. Kd2 Re8 31. Re1 c4 32. Rac1 Rxe1 33. Nxe1 Na2 34. Rc2 c3+ 35. Ke3 Nb4 36. Rc1 Re7+ 37. Kf3 d4 38. Nc2 Nxc2 39. Rxc2 Re3+ 40. Kg2 Rxd3 41. Rc1 b5 42. h4 b4 43. g5 Re3 44. Kf2 Re8 0-1

[Event "Dubai op 16th"]
[Site "Dubai"]
[Date "2014.04.09"]
[Round "3"]
[White "Das, Sayantan"]
[Black "Alattar, Rakan"]
[Result "1-0"]
[WhiteElo "2371"]
[BlackElo "2059"]
[PlyCount "59"]
[EventDate "2014.04.07"]
[EventType "swiss"]
[EventRounds "9"]
[EventCountry "UAE"]
[SourceTitle "CBM 159 Extra"]
[Source "ChessBase"]
[SourceDate "2014.04.24"]
[SourceVersion "1"]
[SourceVersionDate "2014.04.24"]
[SourceQuality "1"]

1. e4 c5 2. Nc3 Nc6 3. f4 d6 4. Bb5 Bd7 5. Nf3 g6 6. 0-0 Bg7 7. d3 Nf6 8. Bxc6 Bxc6 9. Qe1 0-0 10. f5 Qd7 11. Qh4 b5 12. Bh6 e6 13. Bg5 Qe7 14. fxg6 fxg6 15. e5 dxe5 16. Nxe5 Bxg2 17. Kxg2 Qb7+ 18. Nf3 b4 19. Bxf6 Bxf6 20. Qe4 Qd7 21. Nd1 Qd6 22. Ne3 Rae8 23. Nc4 Qd5 24. Rae1 Qh5 25. h3 Kh8 26. Qc6 Qd5 27. Qxd5 exd5 28. Nce5 Kg7 29. Nd7 Rxe1 30. Nxe1 1-0